Duarte. Y la Simbología Patriótica (Record no. 7650)

MARC details
000 -LEADER
campo de control de longitud fija 00347nam a2200133Ia 4500
001 - NÚMERO DE CONTROL
campo de control 3998
008 - DATOS DE LONGITUD FIJA--INFORMACIÓN GENERAL
campo de control de longitud fija 241024s9999 xx 000 0 und d
082 ## - NÚMERO DE LA CLASIFICACIÓN DECIMAL DEWEY
Número de clasificación RD/923.27293/G633d/2015
100 ## - ENTRADA PRINCIPAL--NOMBRE DE PERSONA
Nombre de persona Wilson Gómez
245 #0 - MENCIÓN DEL TÍTULO
Título Duarte. Y la Simbología Patriótica
260 ## - PUBLICACIÓN, DISTRIBUCIÓN, ETC.
Nombre del editor, distribuidor, etc. Instituto Duartiano
Fecha de publicación, distribución, etc. 2015
901 ## - ELEMENTOS DE DATOS A LOCAL LDA (RLIN)
a 4/7/2015 2:45:41 a.m.

No items available.

© 2024. Todos los Derechos Reservados. Desarrollado por IDEICE